00505nam a22001817a 4500003000400000005001700004008004100021020002200062040000900084082002000093100001400113245001000127260002900137300001000166650011900176942000900295999001900304OSt20250702115622.0250702b |||||||| |||| 00| 0 eng d a978-93-5732-239-3 cSBCL a894.8123bJAM-K aJames, VJ aKinav aKottayambDC Booksc2023 a152p. 2Literature (Belles-lettres) and rhetoric aLiteratures of other languagesvAltaic, Uralic, Hyperborean & Dravidian cBOOK c137189d137189